Cyclisme : Top 20 de l'UAE Tour 2026. - Statistiques

Statistiques générales
  • Ce quiz a été pris 36 fois
  • Le résultat moyen est 8 sur 20
Statistiques - réponses
Hint Réponse % Correct
1er Isaac Del Toro
100%
10ème Remco Evenepoel
100%
2ème Antonio Tiberi
87%
5ème Felix Gall
81%
11ème Ilan Van Wilder
55%
3ème Luke Plapp
48%
15ème Adam Yates
45%
18ème David Gaudu
42%
4ème Harold Tejada
42%
6ème Lennert Van Eetvelt
39%
12ème Mathys Rondel
35%
13ème Michael Storer
32%
8ème Jorgen Nordaghen
26%
9ème Tobias Halland Johannessen
26%
16ème Anders Halland Johannessen
23%
7ème Derek Gee
19%
14ème Byron Munton
13%
20ème Wilco Kelderman
13%
19ème Embret Svestad-bardseng
10%
17ème Tijmen Graat
6%
Aucun quiz correspondant
Distribution des résultats
% des personnes avec chaque résultat
Percentile par nombre de réponses
Votre historique - résultats
Vous n’avez pas pris ce quiz